|
|
|
|
| LEADER |
00000cam a22000004a 4500 |
| 001 |
musev2_6979 |
| 003 |
MdBmJHUP |
| 005 |
20230905040816.0 |
| 006 |
m o d |
| 007 |
cr||||||||nn|n |
| 008 |
100129s2010 miu o 00 0 eng d |
| 010 |
|
|
|z 2010003510
|
| 020 |
|
|
|a 9781609172060
|
| 020 |
|
|
|z 9781628951516
|
| 020 |
|
|
|z 9781628961515
|
| 020 |
|
|
|z 9780870139710
|
| 035 |
|
|
|a (OCoLC)774285357
|
| 040 |
|
|
|a MdBmJHUP
|c MdBmJHUP
|
| 043 |
|
|
|a n-us-mi
|
| 050 |
0 |
4 |
|a F570.25.S93
|b G55 2010
|
| 082 |
0 |
|
|a 977.4/043092
|a B
|2 22
|
| 100 |
1 |
|
|a Glazer, Lawrence M.
|
| 245 |
1 |
0 |
|a Wounded Warrior :
|b The Rise and Fall of Michigan Governor John Swainson /
|c Lawrence M. Glazer.
|
| 264 |
|
1 |
|a East Lansing :
|b Michigan State University Press,
|c 2010.
|
| 264 |
|
3 |
|a Baltimore, Md. :
|b Project MUSE,
|c 2012
|
| 264 |
|
4 |
|c ©2010.
|
| 300 |
|
|
|a 1 online resource (346 pages):
|b ill. ;
|
| 336 |
|
|
|a text
|b txt
|2 rdacontent
|
| 337 |
|
|
|a computer
|b c
|2 rdamedia
|
| 338 |
|
|
|a online resource
|b cr
|2 rdacarrier
|
| 504 |
|
|
|a Includes bibliographical references and index.
|
| 588 |
|
|
|a Description based on print version record.
|
| 600 |
1 |
0 |
|a Swainson, John B.
|q (John Burley),
|d 1925-1994.
|
| 650 |
|
0 |
|a Governors
|z Michigan
|v Biography.
|
| 651 |
|
0 |
|a Michigan
|x Politics and government
|y 1951-
|
| 655 |
|
7 |
|a Electronic books.
|2 local
|
| 710 |
2 |
|
|a Project Muse.
|e distributor
|
| 830 |
|
0 |
|a Book collections on Project MUSE.
|
| 856 |
4 |
0 |
|z Texto completo
|u https://projectmuse.uam.elogim.com/book/6979/
|
| 945 |
|
|
|a Project MUSE - Custom Collection
|
| 945 |
|
|
|a Project MUSE - 2010 US Regional Studies, Midwest
|
| 945 |
|
|
|a Project MUSE - 2010 Complete
|